La educación por el trabajo

Guardat en:
Dades bibliogràfiques
Autor principal: Freinet, Celestín (Autor)
Format: Llibre
Idioma:espanyol
Publicat: Ciudad de México Fondo de Cultura Económica 1986
Col·lecció:Biblioteca de Psicología y psicoanálisis
Matèries:
Etiquetes: Afegir etiqueta
Sense etiquetes, Sigues el primer a etiquetar aquest registre!

MARC

LEADER 00000nam a2200000 a 4500
001 UCW4219
003 CL-VaPUC
008 891031e19860000MX |||||||||||||||||spa|d
082 0 4 |a 306.43  |b FRE  |2 21 
100 0 |a Freinet, Celestín  |e author  |9 308824 
245 1 3 |a La educación por el trabajo 
300 |a 301 p 
942 |c BK 
945 |d 19891031 00:00:00 
260 |a Ciudad de México  |b Fondo de Cultura Económica  |c 1986 
650 0 |a Sociología de la educación   |9 260380 
583 |a last modification  |c 19891031 00:00:00  |k Rodrigo Vera 
490 0 |a Biblioteca de Psicología y psicoanálisis 
999 |c 217996  |d 217994 
952 |0 0  |1 0  |4 0  |6 306_430000000000000_FRE_1986  |7 0  |8 A  |9 206740  |a BIBEDU  |b BIBEDU  |d 2019-11-15  |i 2745879  |l 2  |o 306.43 FRE 1986  |p 2745879  |r 2022-07-14  |s 2022-07-14  |w 2019-11-15  |y BK  |k EDU